000 00465nam a2200157Ia 4500
008 240729s9999 xx 000 0 und d
022 _a2203-2908
245 0 _aVictoria University Law and Justice Journal
260 _aAustralia
260 _bVictoria University
650 _a Law in general. Comparative and uniform law. Jurisprudence
650 _aLaw
856 _uhttps://doaj.org/toc/b3103b80da7d4e5db38c9950a2541109
942 _2ddc
942 _cDOAJEJ
999 _c72116
_d72116
945 _a1
_bMadushi Gamage
_c1
_dMadushi Gamage